00712nam a2200229 a 4500001001300000003000900013005001700022008004100039020002300080082001600103100002500119245007700144260003300221300000900254500003500263505001000298650001500308902000800323942000700331952012900338999001500467nice12345678IN_TiNIC20260116012931.0050524s1987 laha grp 000 0 eng  a0913321 c10000a297.86bMOH aMohammad, Hafiz Sher aAhmadiyya Caseb Famous Religious Court Case in Cape Town Between Lahore aLahore bNo Publisher c1987 a358p aincludes index and biblioraphy2 aIndex aAhmadiyyah bSRS cBK 001040708StackRoom-aHMIbHMId2007-07-02g100.00l1o297.86 MOHp013871r2018-02-19s2018-02-13v100.00w2005-05-24yBK c8953d8953